Towards a new cold war : essays on the current crisis and how we got there... = Hacia una nueva guerra fría: ensayos sobre la crisis actual y de cómo llegamos allí /
Uloženo v:
| Hlavní autor: | |
|---|---|
| Médium: | Neznámo |
| Jazyk: | Spanish |
| Vydáno: |
New York :
Pantheon Books,
c1982.
|
| Témata: | |
| Tagy: |
Přidat tag
Žádné tagy, Buďte první, kdo vytvoří štítek k tomuto záznamu!
|
MARC
| LEADER | 000000000a22000000004500 | ||
|---|---|---|---|
| 001 | 012139 | ||
| 020 | |a 0394749448 | ||
| 041 | 0 | |a spa | |
| 082 | 0 | 4 | |a 327.73 |b Ch548t |
| 100 | 1 | |a Chomsky, Noam | |
| 245 | 1 | 0 | |a Towards a new cold war : |b essays on the current crisis and how we got there... = Hacia una nueva guerra fría: ensayos sobre la crisis actual y de cómo llegamos allí / |c Noam Chomsky. |
| 246 | 3 | 1 | |a Hacia una nueva guerra fría: ensayos sobre la crisis actual y de cómo llegamos allí |
| 260 | 1 | |a New York : |b Pantheon Books, |c c1982. | |
| 300 | |a 498 páginas ; |c 25 cm. | ||
| 650 | 4 | |a KISSINGER, HENRY, 1923 | |
| 650 | 4 | |a POLITICA MUNDIAL - 1945-1989 | |
| 650 | 4 | |a ESTADOS UNIDOS | |
| 650 | 4 | |a RELACIONES EXTERIORES - 1945-1989 | |
| 650 | 4 | |a 1969-1974 | |
| 500 | |a Colección George Yúdice | ||
| 999 | |c 18146 |d 18146 | ||
| 942 | |c BK |h 327.73 Ch548t |2 z | ||



